[Event "Groningen 2009 - Open A"]
[Site "Groningen NED"]
[Date "2009.12.29"]
[Round "8.24"]
[White "Mostertman, Milan"]
[Black "Lyell, Mark"]
[Result "1-0"]
[WhiteElo "2169"]
[BlackElo "2245"]
[PlyCount "71"]
[EventDate "2009.12.21"]
[EventType "swiss"]
[EventRounds "9"]
[EventCountry "NED"]
[Source "lmi"]
[SourceDate "2009.12.21"]

1. e4 e5 2. Nf3 Nc6 3. Bc4 Nf6 4. Ng5 d5 5. exd5 Na5 6. Bb5+ c6 7. dxc6 bxc6 8.
Bd3 Nb7 9. Qf3 Nd6 10. Nc3 Be7 11. Nce4 Nfxe4 12. Nxe4 O-O 13. O-O Be6 14. Re1
f5 15. Nxd6 Bxd6 16. Qxc6 Rc8 17. Qa4 e4 18. Ba6 Rb8 19. c3 Qc7 20. g3 f4 21.
Qxe4 Rbe8 22. Qb7 Bh3 23. Re4 fxg3 24. hxg3 Qc5 25. d4 Qf5 26. Bf4 Rxe4 27. Bd3
Rxf4 28. Bxf5 R4xf5 29. Re1 h5 30. Qc6 R5f6 31. Qd5+ R8f7 32. Re8+ Kh7 33.
Qxh5+ Rh6 34. Qxf7 Bg4 35. Rg8 Rg6 36. Rh8+ 1-0

[Event "Groningen 2009 - Open A"]
[Site "Groningen NED"]
[Date "2009.12.29"]
[Round "8.25"]
[White "Nabuurs, Joep"]
[Black "Donker, Roel"]
[Result "1/2-1/2"]
[WhiteElo "2191"]
[BlackElo "2140"]
[PlyCount "81"]
[EventDate "2009.12.21"]
[EventType "swiss"]
[EventRounds "9"]
[EventCountry "NED"]
[Source "lmi"]
[SourceDate "2009.12.21"]

1. e4 c5 2. Nf3 d6 3. d4 cxd4 4. Nxd4 Nf6 5. Nc3 g6 6. Be3 Bg7 7. f3 O-O 8. Qd2
Nc6 9. O-O-O d5 10. exd5 Nxd5 11. Nxc6 bxc6 12. Bd4 Nxc3 13. Qxc3 Bxd4 14. Rxd4
Qb6 15. Bc4 Ba6 16. Bxa6 Qxa6 17. Qc4 Qa5 18. Rhd1 h5 19. Qxc6 Rac8 20. Qa4
Qg5+ 21. R1d2 Qe3 22. b3 Rc5 23. Kb2 Qc3+ 24. Kb1 Re5 25. Qd7 Kh7 26. Re4 Rxe4
27. fxe4 Qe5 28. Qxa7 Qxe4 29. Qf2 Qc6 30. a4 e5 31. Qe2 e4 32. Qb5 Qf6 33. Re2
Rd8 34. Re1 Qc3 35. Qe2 f5 36. Rc1 e3 37. Qb5 Rd2 38. Qe8 e2 39. h4 Rxc2 40.
Qf7+ Kh8 41. Qf8+ 1/2-1/2

[Event "Groningen 2009 - Open A"]
[Site "Groningen NED"]
[Date "2009.12.29"]
[Round "8.26"]
[White "Cako, Laszlo"]
[Black "Warmelink, Evie"]
[Result "0-1"]
[WhiteElo "2155"]
[BlackElo "1970"]
[PlyCount "60"]
[EventDate "2009.12.21"]
[EventType "swiss"]
[EventRounds "9"]
[EventCountry "NED"]
[Source "lmi"]
[SourceDate "2009.12.21"]

1. e4 c5 2. Nf3 d6 3. d4 cxd4 4. Nxd4 Nf6 5. Nc3 e6 6. Be3 Be7 7. Bc4 a6 8. Bb3
Nc6 9. Qe2 Qc7 10. O-O-O O-O 11. g4 b5 12. g5 Nd7 13. Rhg1 Nc5 14. Nxc6 Qxc6
15. Bd4 b4 16. Bd5 exd5 17. Nxd5 Re8 18. Qh5 Ne6 19. Bxg7 Kxg7 20. Qh6+ Kh8 21.
Rd3 Bf8 22. Qh4 Bg7 23. Nf6 Nf8 24. g6 fxg6 25. Rxg6 Re7 26. Nxh7 Nxg6 27. Qh5
Bg4 28. Qxg4 Kxh7 29. Rh3+ Kg8 30. Qxg6 Qc4 0-1

[Event "Groningen 2009 - Open A"]
[Site "Groningen NED"]
[Date "2009.12.29"]
[Round "8.27"]
[White "Holm, Sejer"]
[Black "Balje, Jan"]
[Result "1-0"]
[WhiteElo "2256"]
[BlackElo "2188"]
[PlyCount "61"]
[EventDate "2009.12.21"]
[EventType "swiss"]
[EventRounds "9"]
[EventCountry "NED"]
[Source "lmi"]
[SourceDate "2009.12.21"]

1. Nf3 Nf6 2. c4 c5 3. Nc3 e6 4. e3 Be7 5. d4 cxd4 6. exd4 d5 7. cxd5 Nxd5 8.
Bd3 Nc6 9. O-O O-O 10. Re1 b6 11. Nxd5 Qxd5 12. Be4 Qd6 13. Qc2 Bb7 14. Bxh7+
Kh8 15. Be4 Nb4 16. Qb3 Bxe4 17. Rxe4 Qd5 18. Qxd5 Nxd5 19. Re2 Rac8 20. Bg5
Rc7 21. Bxe7 Nxe7 22. Rd1 Rfc8 23. g3 Rc1 24. Rxc1 Rxc1+ 25. Kg2 Ra1 26. a3 Rd1
27. Rc2 Nd5 28. Ng5 g6 29. Nxf7+ Kg7 30. Ng5 Kf6 31. Nf3 1-0

[Event "Groningen 2009 - Open A"]
[Site "Groningen NED"]
[Date "2009.12.29"]
[Round "8.28"]
[White "Rauw, Gert Jan"]
[Black "Thompson, Ian D"]
[Result "0-1"]
[WhiteElo "2070"]
[BlackElo "2266"]
[PlyCount "122"]
[EventDate "2009.12.21"]
[EventType "swiss"]
[EventRounds "9"]
[EventCountry "NED"]
[Source "lmi"]
[SourceDate "2009.12.21"]

1. e4 e6 2. d4 d5 3. Nd2 Nf6 4. e5 Nfd7 5. Bd3 c5 6. c3 Nc6 7. Ne2 cxd4 8. cxd4
f6 9. exf6 Nxf6 10. O-O Bd6 11. Nf3 Qc7 12. Ng3 O-O 13. Bd2 Bd7 14. Re1 Rae8
15. Rc1 Qb6 16. Bc3 Bf4 17. Rc2 Nb4 18. Bxb4 Qxb4 19. Ne5 Bb5 20. Ne2 Bxe5 21.
a3 Bxh2+ 22. Kh1 Qa5 23. Bxb5 Qxb5 24. Nc3 Qd7 25. Kxh2 Qf7 26. Nb5 Ne4 27. Qe2
a6 28. Nc3 Nd6 29. Qg4 Qf4+ 30. Qxf4 Rxf4 31. Rce2 Kf7 32. Na4 Rxd4 33. Nc5 Ne4
34. Nxb7 Rb8 35. Na5 Rb6 36. f3 Nf6 37. Rc1 Ra4 38. Nc6 Nd7 39. g3 Kf6 40. Re3
Rxb2+ 41. Kh3 Rc4 42. Rxc4 dxc4 43. Na5 Nb6 44. Rc3 Rb5 45. Nxc4 Nxc4 46. Rxc4
Rb3 47. Ra4 Rxf3 48. Rxa6 h5 49. Ra8 Rd3 50. a4 g5 51. Kg2 Kf5 52. Rb8 Rd2+ 53.
Kf3 g4+ 54. Ke3 Rg2 55. Rf8+ Ke5 56. Rh8 Rxg3+ 57. Kf2 Rh3 58. a5 Kf4 59. a6
Rh2+ 60. Kg1 Ra2 61. Ra8 h4 0-1

[Event "Groningen 2009 - Open A"]
[Site "Groningen NED"]
[Date "2009.12.29"]
[Round "8.29"]
[White "Slagter, David"]
[Black "Potze, Rudolf"]
[Result "0-1"]
[WhiteElo "2108"]
[BlackElo "2132"]
[PlyCount "72"]
[EventDate "2009.12.21"]
[EventType "swiss"]
[EventRounds "9"]
[EventCountry "NED"]
[Source "lmi"]
[SourceDate "2009.12.21"]

1. e4 c5 2. Nf3 Nc6 3. d4 cxd4 4. Nxd4 Nf6 5. Nc3 e5 6. Ndb5 d6 7. Bg5 a6 8.
Na3 b5 9. Bxf6 gxf6 10. Nd5 Bg7 11. Bd3 Ne7 12. Nxe7 Qxe7 13. O-O f5 14. c4
bxc4 15. Nxc4 O-O 16. Nb6 Ra7 17. exf5 Bb7 18. Qg4 Rd8 19. Rac1 Kh8 20. Be4 d5
21. Nxd5 Bxd5 22. f6 Qxf6 23. Bxd5 Rxd5 24. Rc8+ Rd8 25. Rd1 Rf8 26. Rxf8+ Bxf8
27. Qc8 Qh6 28. Rd8 Kg8 29. g3 Re7 30. Qg4+ Qg7 31. Qc4 Re6 32. h4 e4 33. h5 e3
34. Qc5 e2 35. Rxf8+ Qxf8 36. Qg5+ Kh8 0-1

[Event "Groningen 2009 - Open A"]
[Site "Groningen NED"]
[Date "2009.12.30"]
[Round "9.1"]
[White "Nyzhnyk, Illya"]
[Black "Deviatkin, Andrei"]
[Result "1-0"]
[WhiteElo "2494"]
[BlackElo "2608"]
[PlyCount "107"]
[EventDate "2009.12.21"]
[EventType "swiss"]
[EventRounds "9"]
[EventCountry "NED"]
[Source "lmi"]
[SourceDate "2009.12.21"]

1. d4 d5 2. c4 c6 3. Nf3 Nf6 4. Qc2 dxc4 5. Qxc4 Bf5 6. g3 e6 7. Bg2 Nbd7 8.
O-O Be7 9. Nc3 O-O 10. Qb3 Qb6 11. Nd2 Qxd4 12. Qxb7 Rab8 13. Qxc6 Ne5 14. Qa6
Qd7 15. Nb3 Rb6 16. Qa4 Qxa4 17. Nxa4 Rb4 18. Nc3 Rc8 19. h3 h5 20. Kh2 Ne4 21.
Nxe4 Bxe4 22. Bd2 Bxg2 23. Kxg2 Re4 24. Rac1 Rb8 25. Bf4 Bf6 26. Rc2 Rbb4 27.
Rfc1 g5 28. Bd2 Rb5 29. Bc3 Rc4 30. Bxe5 Rxc2 31. Bxf6 Rxc1 32. Nxc1 Kh7 33.
Bc3 Kg6 34. Nd3 f6 35. b4 e5 36. a4 Rb8 37. Nc5 Rc8 38. Kf3 a5 39. Ke4 f5+ 40.
Kd5 axb4 41. Bxb4 Rd8+ 42. Kc4 h4 43. gxh4 Rd4+ 44. Kb5 Rxh4 45. a5 Rxh3 46. a6
g4 47. a7 Rh8 48. Nd7 Ra8 49. Nxe5+ Kf6 50. Nc6 f4 51. Kb6 g3 52. fxg3 fxg3 53.
Kb7 g2 54. Bc5 1-0

[Event "Groningen 2009 - Open A"]
[Site "Groningen NED"]
[Date "2009.12.30"]
[Round "9.2"]
[White "Baklan, Vladimir"]
[Black "Reinderman, Dimitri"]
[Result "1/2-1/2"]
[WhiteElo "2655"]
[BlackElo "2575"]
[PlyCount "155"]
[EventDate "2009.12.21"]
[EventType "swiss"]
[EventRounds "9"]
[EventCountry "NED"]
[Source "lmi"]
[SourceDate "2009.12.21"]

1. e4 c5 2. c3 Nf6 3. e5 Nd5 4. Nf3 e6 5. Bc4 d6 6. d4 cxd4 7. cxd4 Nc6 8. O-O
Be7 9. exd6 Qxd6 10. Nc3 O-O 11. Re1 Rd8 12. Bb3 a6 13. a3 b5 14. Qe2 Bb7 15.
Nxd5 exd5 16. Bc2 Bf8 17. Bg5 f6 18. Bd2 Bc8 19. Rac1 g6 20. h3 Bd7 21. Bb3 Kg7
22. Qe3 Rac8 23. Qh6+ Kh8 24. Qh4 Ne7 25. Bb4 Nf5 26. Bxd6 Nxh4 27. Bxf8 Nxf3+
28. gxf3 Rxf8 29. Kg2 Rxc1 30. Rxc1 Re8 31. Bxd5 Re2 32. b4 Rd2 33. Rc7 Bf5 34.
Bb7 Rd3 35. Bxa6 Rxa3 36. Bxb5 Rb3 37. Bc4 Rxb4 38. h4 Rb2 39. Bf7 Rd2 40. d5
Rd4 41. Kg3 Rd2 42. Ra7 h5 43. Re7 Kg7 44. Be6+ Kh6 45. Bg8 g5 46. Rf7 gxh4+
47. Kxh4 Rd4+ 48. Kg3 h4+ 49. Kh2 Kg5 50. Rg7+ Kf4 51. Be6 Rd2 52. Bxf5 Kxf5
53. d6 Rxd6 54. Rg4 Rd2 55. Kg2 h3+ 56. Kg3 h2 57. Rh4 Rd1 58. Rh5+ Kg6 59.
Rxh2 Rd4 60. Rh8 Ra4 61. Rb8 Ra2 62. Rb5 Ra3 63. Rb8 Rc3 64. Re8 Ra3 65. Re3
Ra2 66. Rb3 Rc2 67. f4 Ra2 68. Rb5 Ra4 69. Rd5 Rb4 70. Kf3 Ra4 71. Ke3 Rb4 72.
Rd4 Rb1 73. Ke4 Re1+ 74. Kf3 Ra1 75. Rb4 Rc1 76. Rb5 Ra1 77. Rb3 Kf5 78. Rb5+
1/2-1/2

[Event "Groningen 2009 - Open A"]
[Site "Groningen NED"]
[Date "2009.12.30"]
[Round "9.3"]
[White "Giri, Anish"]
[Black "Werle, Jan"]
[Result "1/2-1/2"]
[WhiteElo "2585"]
[BlackElo "2565"]
[PlyCount "155"]
[EventDate "2009.12.21"]
[EventType "swiss"]
[EventRounds "9"]
[EventCountry "NED"]
[Source "lmi"]
[SourceDate "2009.12.21"]

1. d4 Nf6 2. c4 e6 3. Nf3 b6 4. g3 Bb7 5. Bg2 Be7 6. Nc3 O-O 7. Qc2 c5 8. d5
exd5 9. cxd5 Bxd5 10. Nxd5 Nxd5 11. Ne5 Nb4 12. Qd1 N8c6 13. a3 Nxe5 14. axb4
cxb4 15. Bxa8 Qxa8 16. O-O Bf6 17. Re1 d5 18. Bd2 Nc6 19. Qb3 a5 20. Be3 d4 21.
Bf4 d3 22. e4 g5 23. Bd2 Rd8 24. h3 h6 25. f4 Qc8 26. Kh2 Nd4 27. Qd1 Qc2 28.
e5 Be7 29. Rf1 Nb3 30. Rf2 Nxa1 31. Qxa1 gxf4 32. gxf4 Kh8 33. e6 Qc5 34. b3+
f6 35. Rg2 Rg8 36. Qh1 Qh5 37. Rxg8+ Kxg8 38. Qg2+ Kh8 39. Qa8+ Kg7 40. Qg2+
Kf8 41. Qa8+ Qe8 42. Qd5 Kg7 43. h4 f5 44. Qe5+ Bf6 45. Qxf5 Qg6 46. Qd5 Bxh4
47. Qe5+ Bf6 48. Qc7+ Kg8 49. Qc8+ Kh7 50. Qd7+ Kh8 51. Qc8+ Qg8 52. Qd7 Qg4
53. Qe8+ Kh7 54. Qd7+ Kh8 55. Qe8+ Qg8 56. Qd7 Qd8 57. Qf7 Qe7 58. Qg6 Bg7 59.
Kh3 Qf6 60. Qe4 Bf8 61. Be3 Kg8 62. Bd4 Qe7 63. f5 Qg5 64. f6 Qh5+ 65. Kg2 Qe2+
66. Qxe2 dxe2 67. f7+ Kh7 68. Kf2 Kg6 69. Bxb6 Kf6 70. Bxa5 Kxe6 71. Kxe2 Kxf7
72. Bxb4 Bxb4 73. Kf3 Kg6 74. Kg2 Kg5 75. Kh1 Kg4 76. Kg2 h5 77. Kh1 h4 78. Kg2
1/2-1/2

[Event "Groningen 2009 - Open A"]
[Site "Groningen NED"]
[Date "2009.12.30"]
[Round "9.4"]
[White "Greenfeld, Alon"]
[Black "Chadaev, Nikolai"]
[Result "1/2-1/2"]
[WhiteElo "2559"]
[BlackElo "2567"]
[PlyCount "91"]
[EventDate "2009.12.21"]
[EventType "swiss"]
[EventRounds "9"]
[EventCountry "NED"]
[Source "lmi"]
[SourceDate "2009.12.21"]

1. d4 Nf6 2. c4 g6 3. g3 Bg7 4. Bg2 O-O 5. Nc3 d6 6. Nf3 Nc6 7. O-O Bd7 8. b3
e5 9. dxe5 dxe5 10. Ba3 Re8 11. Ng5 e4 12. Ngxe4 Nxe4 13. Nxe4 Bf5 14. Nc5 Bxa1
15. Qxa1 Qd4 16. e3 Qxa1 17. Rxa1 Nd8 18. h3 h5 19. Kh2 Rc8 20. g4 hxg4 21.
hxg4 Bxg4 22. Ne4 Re6 23. Bb2 Kf8 24. Nf6 Bh5 25. Bh3 Nc6 26. Nd7+ Ke7 27. Nc5
Rd8 28. Ba3 Kf6 29. Bxe6 fxe6 30. Nxb7 Rd2 31. Kg3 g5 32. Nc5 Bg6 33. Na6 Rd7
34. Rh1 Rd2 35. Nxc7 Rxa2 36. Bc5 Na5 37. Bd4+ e5 38. Nd5+ Kf7 39. Bxe5 Nxb3
40. Bc3 Rc2 41. Rb1 Nc5 42. f3 Rxc3 43. Nxc3 Bxb1 44. Nxb1 a5 45. Na3 Nd3 46.
f4 1/2-1/2

[Event "Groningen 2009 - Open A"]
[Site "Groningen NED"]
[Date "2009.12.30"]
[Round "9.5"]
[White "Nijboer, Friso"]
[Black "Brandenburg, Daan"]
[Result "1/2-1/2"]
[WhiteElo "2561"]
[BlackElo "2481"]
[PlyCount "103"]
[EventDate "2009.12.21"]
[EventType "swiss"]
[EventRounds "9"]
[EventCountry "NED"]
[Source "lmi"]
[SourceDate "2009.12.21"]

1. e4 c5 2. Nf3 d6 3. d4 cxd4 4. Nxd4 Nf6 5. Nc3 Nc6 6. Bg5 e6 7. Qd2 a6 8.
O-O-O Bd7 9. f4 h6 10. Bh4 g5 11. fxg5 Ng4 12. Be2 Nge5 13. Nf3 Be7 14. Rhg1 b5
15. Kb1 Rb8 16. Rdf1 Qa5 17. Nxe5 Nxe5 18. g6 b4 19. gxf7+ Nxf7 20. Nd1 Bxh4
21. Qf4 Be7 22. Qxf7+ Kd8 23. Qg7 Qe5 24. Qxe5 dxe5 25. Bxa6 Bc5 26. Rh1 Ke7
27. Nf2 Rhg8 28. Nd3 Bd4 29. Ne1 Bc6 30. Bd3 Rg4 31. h3 Rf4 32. Nf3 Rbf8 33.
Nxd4 exd4 34. Rxf4 Rxf4 35. Kc1 Kd6 36. Rf1 Rxf1+ 37. Bxf1 Bxe4 38. Kd2 Kc5 39.
c3 bxc3+ 40. bxc3 Bc6 41. g4 e5 42. h4 e4 43. cxd4+ Kxd4 44. h5 e3+ 45. Ke2 Be8
46. Kf3 Bc6+ 47. Kf4 Be4 48. Be2 Bd3 49. Kf3 Be4+ 50. Kf4 Bd3 51. Kf3 Be4+ 52.
Kf4 1/2-1/2

[Event "Groningen 2009 - Open A"]
[Site "Groningen NED"]
[Date "2009.12.30"]
[Round "9.6"]
[White "Swinkels, Robin"]
[Black "Poetsch, Hagen"]
[Result "0-1"]
[WhiteElo "2500"]
[BlackElo "2361"]
[PlyCount "136"]
[EventDate "2009.12.21"]
[EventType "swiss"]
[EventRounds "9"]
[EventCountry "NED"]
[Source "lmi"]
[SourceDate "2009.12.21"]

1. d4 e6 2. c4 Nf6 3. g3 d5 4. Nf3 Bb4+ 5. Bd2 Be7 6. Bg2 O-O 7. O-O c6 8. Qc2
Nbd7 9. Bf4 Nh5 10. Bc1 Nhf6 11. Nbd2 b5 12. c5 a5 13. e4 dxe4 14. Nxe4 Nd5 15.
Bg5 h6 16. Bxe7 Qxe7 17. Rfe1 Ba6 18. Ne5 Nxe5 19. dxe5 Rfb8 20. Nd6 b4 21. Qd2
a4 22. Rac1 Qc7 23. Qd4 a3 24. b3 Nc3 25. Rc2 Bb5 26. Kh1 Qa5 27. Bf3 Rf8 28.
Kg2 Rab8 29. h4 Qa6 30. Rd2 Nd5 31. h5 Qa7 32. Re4 Qe7 33. Rg4 Kh8 34. Kh2 f5
35. exf6 Rxf6 36. Bxd5 exd5 37. Rg6 Ba6 38. Rxf6 Qxf6 39. Qxf6 gxf6 40. Kg2 Bc8
41. Kf3 Be6 42. Kf4 Ra8 43. Rd4 Ra5 44. Rxb4 Rxc5 45. Rb8+ Kg7 46. Re8 Bh3 47.
Re7+ Kf8 48. Re8+ Kg7 49. Re2 d4 50. g4 d3 51. Re7+ Kf8 52. Re8+ Kg7 53. Re7+
Kf8 54. Re8+ Kg7 55. Nf5+ Kf7 56. Rd8 Bf1 57. Nxh6+ Ke7 58. Rd4 Rc2 59. Nf5+
Kf7 60. Kg3 d2 61. h6 Rc3+ 62. f3 Rd3 63. Rxd3 Bxd3 64. h7 d1=Q 65. h8=Q Qe1+
66. Kh2 Qf2+ 67. Kh1 Qxf3+ 68. Kh2 Qf2+ 0-1

[Event "Groningen 2009 - Open A"]
[Site "Groningen NED"]
[Date "2009.12.30"]
[Round "9.7"]
[White "Kleijn, Christov"]
[Black "Caspi, Israel"]
[Result "1/2-1/2"]
[WhiteElo "2383"]
[BlackElo "2423"]
[PlyCount "86"]
[EventDate "2009.12.21"]
[EventType "swiss"]
[EventRounds "9"]
[EventCountry "NED"]
[Source "lmi"]
[SourceDate "2009.12.21"]

1. e4 c5 2. Nf3 e6 3. d4 cxd4 4. Nxd4 Bc5 5. Nb3 Bb6 6. Nc3 Ne7 7. Bd3 O-O 8.
O-O Nbc6 9. Bf4 d6 10. Qd2 e5 11. Be3 Be6 12. Bxb6 Qxb6 13. Be2 Rfd8 14. Nd5
Bxd5 15. exd5 Nb4 16. Bf3 Rdc8 17. c3 Na6 18. Rfc1 Rc4 19. g3 Nb8 20. Be2 Rc7
21. c4 Nd7 22. Na5 Nf5 23. b4 Nd4 24. Rab1 Rac8 25. Kg2 Nxe2 26. Qxe2 Nf6 27.
c5 dxc5 28. Nc4 Qb5 29. a4 Qxa4 30. d6 Qc6+ 31. f3 Rd7 32. Nxe5 Re8 33. Qb2
Qxd6 34. Nxd7 Nxd7 35. Rd1 Qc7 36. Re1 Rc8 37. Re7 Qd6 38. Qe2 Kf8 39. Re1 g6
40. Qb2 Kg8 41. bxc5 Rxc5 42. Re8+ Nf8 43. Qxb7 Rc2+ 1/2-1/2

[Event "Groningen 2009 - Open A"]
[Site "Groningen NED"]
[Date "2009.12.30"]
[Round "9.8"]
[White "Saravanan, Venkatachalam"]
[Black "Hoffmann, Michael"]
[Result "1/2-1/2"]
[WhiteElo "2356"]
[BlackElo "2509"]
[PlyCount "48"]
[EventDate "2009.12.21"]
[EventType "swiss"]
[EventRounds "9"]
[EventCountry "NED"]
[Source "lmi"]
[SourceDate "2009.12.21"]

1. Nf3 Nf6 2. c4 e6 3. Nc3 d5 4. d4 c6 5. e3 Nbd7 6. Qc2 Be7 7. b3 b6 8. Be2
Bb7 9. O-O Qc7 10. Bb2 Rd8 11. Rad1 O-O 12. Rfe1 Rfe8 13. Bf1 h6 14. g3 c5 15.
cxd5 Nxd5 16. Nxd5 Bxd5 17. Bg2 Bf6 18. Nd2 Bxg2 19. Kxg2 Qb7+ 20. f3 cxd4 21.
Ne4 Be7 22. Rxd4 Nc5 23. Nxc5 Bxc5 24. Rd2 Rxd2+ 1/2-1/2

[Event "Groningen 2009 - Open A"]
[Site "Groningen NED"]
[Date "2009.12.30"]
[Round "9.9"]
[White "Bok, Benjamin"]
[Black "Ernst, Sipke"]
[Result "1-0"]
[WhiteElo "2337"]
[BlackElo "2587"]
[PlyCount "126"]
[EventDate "2009.12.21"]
[EventType "swiss"]
[EventRounds "9"]
[EventCountry "NED"]
[Source "lmi"]
[SourceDate "2009.12.21"]

1. e4 e5 2. Nf3 Nc6 3. Bb5 a6 4. Ba4 Nf6 5. O-O Be7 6. Re1 b5 7. Bb3 d6 8. c3
O-O 9. h3 Na5 10. Bc2 c5 11. d4 Qc7 12. Nbd2 Bd7 13. Nf1 Nc4 14. Qe2 g6 15. b3
Nb6 16. dxe5 dxe5 17. c4 bxc4 18. bxc4 Nh5 19. Ne3 Nf4 20. Qd1 f6 21. Nd5 Nfxd5
22. cxd5 Nc4 23. Bd3 Nd6 24. Be3 Rfc8 25. Rc1 c4 26. Nd2 c3 27. Nb3 Nb5 28. Qe2
Rab8 29. Red1 Kg7 30. f3 Ba3 31. Rc2 Qd6 32. Qf2 Bb4 33. f4 Na3 34. Rcc1 Bb5
35. fxe5 fxe5 36. Bxb5 Nxb5 37. Rf1 Qe7 38. Qg3 Nd6 39. Qg4 h5 40. Qf3 Rc4 41.
Rce1 c2 42. Bd2 a5 43. Bxb4 axb4 44. Na5 Rc3 45. Qf2 Nxe4 46. Rxe4 c1=Q 47.
Rxc1 Rxc1+ 48. Kh2 Rf8 49. Qd4 exd4 50. Rxe7+ Rf7 51. Re4 d3 52. Rd4 Rf2 53.
Nc4 d2 54. Nxd2 Rd1 55. Nf3 Rxd4 56. Nxd4 Rxa2 57. d6 Rd2 58. Nc6 b3 59. Na5 b2
60. Nc4 b1=Q 61. Nxd2 Qb4 62. d7 Qxd2 63. d8=Q Qxd8 1-0

[Event "Groningen 2009 - Open A"]
[Site "Groningen NED"]
[Date "2009.12.30"]
[Round "9.10"]
[White "Klein, David"]
[Black "Meijers, Viesturs"]
[Result "0-1"]
[WhiteElo "2262"]
[BlackElo "2488"]
[PlyCount "94"]
[EventDate "2009.12.21"]
[EventType "swiss"]
[EventRounds "9"]
[EventCountry "NED"]
[Source "lmi"]
[SourceDate "2009.12.21"]

1. e4 c5 2. Nf3 e6 3. d4 cxd4 4. Nxd4 a6 5. Bd3 Ne7 6. O-O Nbc6 7. Nb3 b6 8. f4
Bb7 9. Nc3 d5 10. e5 g6 11. Ne2 Nb4 12. Nbd4 h5 13. Be3 Qd7 14. Qd2 Nxd3 15.
cxd3 a5 16. Nf3 Ba6 17. Ned4 Bg7 18. Rac1 O-O 19. f5 Nxf5 20. Nxf5 exf5 21. Bh6
Rfe8 22. Bxg7 Kxg7 23. Rce1 Qe7 24. Kh1 Qb4 25. Qg5 Re6 26. a3 Qg4 27. Qe3 Rae8
28. h3 Qa4 29. Kh2 Qd7 30. Qd4 Qe7 31. Rc1 f6 32. exf6+ Qxf6 33. Rc7+ R6e7 34.
Qf4 Rxc7 35. Qxc7+ Re7 36. Qd8 Bxd3 37. Rc1 Rf7 38. Qb8 Be4 39. Ne5 Re7 40. Nc6
Rd7 41. Rc3 d4 42. Ne5 Re7 43. Nxg6 dxc3 44. Qh8+ Kxg6 45. Qg8+ Qg7 46. Qf7+
Kxf7 47. Kh1 Qxg2# 0-1

[Event "Groningen 2009 - Open A"]
[Site "Groningen NED"]
[Date "2009.12.30"]
[Round "9.11"]
[White "Pruijssers, Roeland"]
[Black "Grover, Sahaj"]
[Result "1-0"]
[WhiteElo "2413"]
[BlackElo "2372"]
[PlyCount "81"]
[EventDate "2009.12.21"]
[EventType "swiss"]
[EventRounds "9"]
[EventCountry "NED"]
[Source "lmi"]
[SourceDate "2009.12.21"]

1. e4 e5 2. Nf3 Nc6 3. Bb5 a6 4. Ba4 Nf6 5. O-O Bc5 6. c3 b5 7. Bb3 d6 8. a4
Bg4 9. h3 Bxf3 10. Qxf3 Na5 11. Bc2 b4 12. d3 O-O 13. Nd2 Rb8 14. Qe2 Re8 15.
Nf3 bxc3 16. bxc3 Nb3 17. Bxb3 Rxb3 18. d4 exd4 19. cxd4 Rxe4 20. Qd1 Rxf3 21.
Qxf3 Bxd4 22. Bg5 d5 23. Rfe1 Rxe1+ 24. Rxe1 h6 25. Bxf6 Bxf6 26. Qe2 c5 27.
Qe8+ Kh7 28. Qxd8 Bxd8 29. Re5 Bf6 30. Rxd5 Bd4 31. Rd6 a5 32. Kf1 f6 33. Rxd4
cxd4 34. Ke2 g5 35. Kd3 f5 36. Kxd4 f4 37. Kc5 h5 38. Kb5 Kg6 39. Kxa5 g4 40.
hxg4 hxg4 41. f3 1-0

[Event "Groningen 2009 - Open A"]
[Site "Groningen NED"]
[Date "2009.12.30"]
[Round "9.12"]
[White "Podzielny, Karl-Heinz"]
[Black "Heemskerk, Wim"]
[Result "1-0"]
[WhiteElo "2456"]
[BlackElo "2236"]
[PlyCount "51"]
[EventDate "2009.12.21"]
[EventType "swiss"]
[EventRounds "9"]
[EventCountry "NED"]
[Source "lmi"]
[SourceDate "2009.12.21"]

1. Nf3 e6 2. g3 f5 3. Bg2 Nf6 4. O-O d5 5. d3 c6 6. Nc3 Be7 7. e4 d4 8. Ne2 c5
9. e5 Nd5 10. c4 dxc3 11. bxc3 Nc6 12. c4 Ndb4 13. Nf4 Nd4 14. Nxd4 Qxd4 15.
Qh5+ Kf8 16. Rb1 Nxd3 17. Nxd3 Qxd3 18. Bg5 Qd7 19. Rfd1 Qe8 20. Bxe7+ Kxe7 21.
Qg5+ Kf7 22. Rd6 Rb8 23. Rbd1 Rf8 24. Rd8 Qe7 25. Rxf8+ Qxf8 26. Rd8 1-0

[Event "Groningen 2009 - Open A"]
[Site "Groningen NED"]
[Date "2009.12.30"]
[Round "9.13"]
[White "Wiel van der, John"]
[Black "Pijpers, Arthur"]
[Result "1/2-1/2"]
[WhiteElo "2475"]
[BlackElo "2201"]
[PlyCount "35"]
[EventDate "2009.12.21"]
[EventType "swiss"]
[EventRounds "9"]
[EventCountry "NED"]
[Source "lmi"]
[SourceDate "2009.12.21"]

1. e4 c5 2. Nf3 d6 3. d4 cxd4 4. Nxd4 Nf6 5. Nc3 g6 6. Be2 Bg7 7. O-O Nc6 8.
Nb3 O-O 9. Bg5 a6 10. f4 b5 11. Bf3 b4 12. Nd5 Nxd5 13. exd5 Na5 14. Nxa5 Qxa5
15. Kh1 Ra7 16. Qc1 Qb5 17. Rb1 Rc7 18. Rf2 1/2-1/2

[Event "Groningen 2009 - Open A"]
[Site "Groningen NED"]
[Date "2009.12.30"]
[Round "9.14"]
[White "Groenewold, Jan Joris"]
[Black "Berkovich, Mark A"]
[Result "1/2-1/2"]
[WhiteElo "2145"]
[BlackElo "2406"]
[PlyCount "46"]
[EventDate "2009.12.21"]
[EventType "swiss"]
[EventRounds "9"]
[EventCountry "NED"]
[Source "lmi"]
[SourceDate "2009.12.21"]

1. d4 Nf6 2. Nf3 g6 3. c4 Bg7 4. Nc3 d5 5. Qb3 dxc4 6. Qxc4 O-O 7. Bf4 c6 8. e4
b5 9. Qd3 Qa5 10. Nd2 Be6 11. Be2 Re8 12. O-O Nbd7 13. Qc2 Rac8 14. a4 Nf8 15.
Nf3 Bg4 16. b4 Qb6 17. Be3 Qc7 18. Rac1 Red8 19. Rfd1 Ne8 20. e5 Qb7 21. h3 Bf5
22. Qb2 Nc7 23. g4 Bd7 1/2-1/2

[Event "Groningen 2009 - Open A"]
[Site "Groningen NED"]
[Date "2009.12.30"]
[Round "9.15"]
[White "Kantans, Toms"]
[Black "Genov, Petar"]
[Result "1-0"]
[WhiteElo "2281"]
[BlackElo "2476"]
[PlyCount "49"]
[EventDate "2009.12.21"]
[EventType "swiss"]
[EventRounds "9"]
[EventCountry "NED"]
[Source "lmi"]
[SourceDate "2009.12.21"]

1. d4 e6 2. c4 b6 3. Nc3 Bb7 4. e4 Bb4 5. f3 Bxc3+ 6. bxc3 d6 7. Bd3 Ne7 8. Nh3
Nbc6 9. f4 Qd7 10. O-O O-O-O 11. d5 Na5 12. Ng5 Rdf8 13. f5 exf5 14. exf5 Ng8
15. f6 g6 16. Ba3 h6 17. Ne4 Re8 18. Re1 Qd8 19. Qf3 Ba6 20. Bb4 Nxc4 21. Qf1
b5 22. a4 Ne5 23. Bxb5 Bxb5 24. axb5 Kb7 25. b6 1-0

[Event "Groningen 2009 - Open A"]
[Site "Groningen NED"]
[Date "2009.12.30"]
[Round "9.16"]
[White "Jellema, Yme Jan"]
[Black "Popilski, Gil"]
[Result "0-1"]
[WhiteElo "2193"]
[BlackElo "2441"]
[PlyCount "114"]
[EventDate "2009.12.21"]
[EventType "swiss"]
[EventRounds "9"]
[EventCountry "NED"]
[Source "lmi"]
[SourceDate "2009.12.21"]

1. e4 c5 2. c3 Nf6 3. e5 Nd5 4. d4 cxd4 5. cxd4 d6 6. f4 Nc6 7. Nc3 dxe5 8.
fxe5 Bf5 9. a3 e6 10. Nf3 Be7 11. Bd3 Bxd3 12. Qxd3 Qd7 13. O-O f5 14. Ne2 O-O
15. Bg5 h6 16. Bxe7 Ncxe7 17. Nd2 Rac8 18. Rac1 Rxc1 19. Rxc1 Rc8 20. Rxc8+
Nxc8 21. Qb3 g5 22. g4 fxg4 23. Ne4 Qc6 24. N2c3 Nce7 25. Qb5 Qxb5 26. Nxb5 Nc6
27. Kf2 a6 28. Nbd6 b6 29. Kg3 Kg7 30. Kxg4 Kg6 31. Nc3 Nxd4 32. Nc4 h5+ 33.
Kg3 b5 34. Nxd5 exd5 35. Nb6 Kf5 36. Nxd5 Kxe5 37. Nc7 a5 38. Ne8 Nf5+ 39. Kf3
g4+ 40. Kf2 h4 41. Nc7 Nd4 42. Ke3 g3 43. hxg3 hxg3 44. Ne8 Kf5 45. Nd6+ Kg4
46. Kxd4 g2 47. Nxb5 g1=Q+ 48. Kc4 Qc1+ 49. Kb3 Kf4 50. Ka4 Ke5 51. b4 axb4 52.
Kxb4 Kd5 53. Ka5 Qc8 54. Na7 Qb8 55. Nb5 Qb7 56. Nc3+ Kc4 57. Na4 Qa7# 0-1